书目信息 |
| 题名: |
流变力学原理及其在岩土工程中的应用
|
|
| 作者: | 周德培 编著 | |
| 分册: | ||
| 出版信息: | 峨嵋 西南交通大学出版社 1995.12 |
|
| 页数: | 229页 | |
| 开本: | 16开 | |
| 丛书名: | ||
| 单 册: | ||
| 中图分类: | O37 | |
| 科图分类: | ||
| 主题词: | 流变学 | |
| 电子资源: | ||
| ISBN: | 7-81022-875-7 | |
| 000 | 00617nam0 2200193 45 | |
| 001 | 0008161013 | |
| 005 | 20000816102325.8 | |
| 010 | @a7-81022-875-7@d15.00元 | |
| 100 | @a20000816d1995 km y0chiy0120 ea | |
| 101 | 0 | @achi |
| 105 | @a z 000yy | |
| 200 | 1 | @a流变力学原理及其在岩土工程中的应用@ALiu Bian Li Xue Yuan Li Ji Qi Zai Yan Tu Gong Cheng Zhong De Ying Yong@f周德培等编著@FZhou De Pei Deng Bian Zhu |
| 210 | @a峨嵋@c西南交通大学出版社@d1995.12 | |
| 215 | @a229页@d16开 | |
| 606 | 0 | @a流变学 |
| 690 | @aO37@v3 | |
| 701 | 0 | @a周德培@4编著 |
| 801 | @aCN@bPftUser@c20000816 | |
| 905 | @b107457-461@dO37@eZH654@f5 | |
| 流变力学原理及其在岩土工程中的应用/周德培等编著.-峨嵋:西南交通大学出版社,1995.12 |
| 229页;16开 |
| ISBN 7-81022-875-7:15.00元 |
| ● |
| 相关链接 |
|
|
|
正题名:流变力学原理及其在岩土工程中的应用
索取号:O37/ZH654
 
预约/预借
| 序号 | 登录号 | 条形码 | 馆藏地/架位号 | 状态 | 备注 |
| 1 | 107457 | 201074577 | 自科二线504/504自科库 48排3列4层/ [索取号:O37/ZH654] | 在馆 | |
| 2 | 107458 | 201074586 | 自科库401/401自科库 83排1列1层/ [索取号:O37/ZH654] | 在馆 | |
| 3 | 107459 | 201074595 | 自科库401/401自科库 83排1列1层/ [索取号:O37/ZH654] | 在馆 | |
| 4 | 107460 | 201074602 | 自科二线504/504自科库 48排3列4层/ [索取号:O37/ZH654] | 在馆 | |
| 5 | 107461 | 201074611 | 自科二线504/504自科库 48排3列4层/ [索取号:O37/ZH654] | 在馆 |